[Event "Wattens op 07th"]
[Site "Wattens"]
[Date "1992.??.??"]
[Round "8"]
[White "Fischler, Wolfgang"]
[Black "Priehoda, Vitezslav"]
[Result "0-1"]
[WhiteElo "2380"]
[BlackElo "2410"]
[PlyCount "67"]
[EventDate "1992.??.??"]
[EventType "swiss"]
[EventRounds "9"]
[EventCountry "AUT"]
[SourceTitle "EXT 1997"]
[Source "ChessBase"]
[SourceDate "1996.11.15"]
[SourceVersion "1"]
[SourceVersionDate "1996.11.15"]
[SourceQuality "1"]

1. e4 e6 2. d4 d5 3. Nc3 Bb4 4. e5 c5 5. a3 Bxc3+ 6. bxc3 Qc7 7. Nf3 Ne7 8. Bd2 h6 9. h4 Bd7 10. a4 Nbc6 11. g3 0-0-0 12. Bg2 Kb8 13. 0-0 Ka8 14. Ra3 Na5 15. Qa1 Nc4 16. Ra2 Qa5 17. Rb1 Nxd2 18. Nxd2 cxd4 19. Rb3 Rc8 20. Qb1 dxc3 21. Nf3 Qc5 22. Raa3 Nf5 23. Rxc3 Qe7 24. Rcb3 Bc6 25. a5 g5 26. hxg5 hxg5 27. Qb2 g4 28. Nd4 Nxd4 29. Qxd4 Qg5 30. Ra1 a6 31. Rb6 Qh6 32. Rab1 Bb5 33. R6xb5 axb5 34. Ra1 0-1

[Event "AUT-chT"]
[Site "Austria"]
[Date "1991.??.??"]
[Round "?"]
[White "Fischer, Johann"]
[Black "Fischler, Wolfgang"]
[Result "0-1"]
[WhiteElo "2305"]
[BlackElo "2380"]
[PlyCount "136"]
[EventDate "1991.??.??"]
[EventType "team"]
[EventRounds "13"]
[EventCountry "AUT"]
[SourceTitle "EXT 1997"]
[Source "ChessBase"]
[SourceDate "1996.11.15"]
[SourceVersion "1"]
[SourceVersionDate "1996.11.15"]
[SourceQuality "1"]

1. d4 Nf6 2. Nf3 g6 3. Bf4 Bg7 4. e3 d6 5. h3 0-0 6. Bc4 Nbd7 7. 0-0 b6 8. a4 a6 9. Qe2 Bb7 10. Nbd2 c5 11. c3 Ra7 12. e4 cxd4 13. cxd4 d5 14. Bd3 dxe4 15. Nxe4 Qa8 16. Ned2 Nd5 17. Bg5 N7f6 18. Bc4 h6 19. Bh4 Nf4 20. Qd1 Ne4 21. Nxe4 Bxe4 22. Ra3 Rd7 23. Bg3 Bxf3 24. Rxf3 Rxd4 25. Qb3 Be5 26. Re1 Re4 27. Rd1 Qc6 28. Bxa6 Qxa4 29. Bxf4 Rxf4 30. Be2 Rb4 31. Qxa4 Rxa4 32. b3 Rd4 33. Rxd4 Bxd4 34. Bc4 Kg7 35. Kf1 e5 36. g4 f6 37. Rd3 Ra8 38. Rd2 Ra1+ 39. Kg2 Kf8 40. f4 Ke7 41. fxe5 fxe5 42. h4 Rg1+ 43. Kf3 Rh1 44. Kg3 Be3 45. Ra2 Bf4+ 46. Kf3 Rh3+ 47. Ke4 Kd6 48. Re2 Rxh4 49. Re1 Rxg4 50. Rd1+ Ke7 51. Ra1 h5 52. Ra7+ Kf6 53. Rb7 Bh2+ 54. Kf3 Bg1 55. Rf7+ Kg5 56. Re7 Bd4 57. Re6 Rf4+ 58. Kg3 h4+ 59. Kh3 Rf3+ 60. Kg2 Rg3+ 61. Kh2 Kf5 62. Bd5 Rc3 63. Re7 Kg5 64. Rh7 Bf2 65. Rb7 Bg3+ 66. Kg2 Rc2+ 67. Kf1 h3 68. Rxb6 Rf2+ 0-1

[Event "AUT-chT"]
[Site "Austria"]
[Date "1991.??.??"]
[Round "?"]
[White "Fischler, Wolfgang"]
[Black "Duer, Werner"]
[Result "0-1"]
[WhiteElo "2380"]
[BlackElo "2275"]
[PlyCount "128"]
[EventDate "1991.??.??"]
[EventType "team"]
[EventRounds "13"]
[EventCountry "AUT"]
[SourceTitle "EXT 1997"]
[Source "ChessBase"]
[SourceDate "1996.11.15"]
[SourceVersion "1"]
[SourceVersionDate "1996.11.15"]
[SourceQuality "1"]

1. e4 c6 2. d4 d5 3. Nc3 dxe4 4. Nxe4 Nf6 5. Nxf6+ exf6 6. c3 Bf5 7. Bd3 Bg6 8. Ne2 Bd6 9. h4 Qc7 10. h5 Bxd3 11. Qxd3 0-0 12. Bd2 Nd7 13. 0-0-0 c5 14. Rh4 Rfd8 15. Rg4 Kh8 16. Qf5 cxd4 17. Nxd4 Be5 18. Qc2 Nc5 19. Be3 Ne6 20. Kb1 a6 21. Nf5 Rxd1+ 22. Qxd1 Rd8 23. Qc2 g6 24. hxg6 fxg6 25. Nh4 f5 26. Rb4 b5 27. Nf3 Bf6 28. Qb3 Qd7 29. g4 Qd3+ 30. Qc2 Qd5 31. gxf5 Qxf3 32. fxe6 Rd1+ 33. Bc1 Bg5 34. e7 Bxe7 35. Rd4 Rf1 36. Qe4 Qxe4+ 37. Rxe4 Bf6 38. f4 Kg7 39. Kc2 Kf7 40. a4 h5 41. axb5 axb5 42. Re2 Be7 43. b3 Bd6 44. c4 bxc4 45. bxc4 h4 46. Be3 Bxf4 47. Bxf4 Rxf4 48. Kd3 Rf1 49. Rc2 Rg1 50. Ke3 Ke6 51. c5 Kd7 52. c6+ Kc7 53. Kf2 Rg4 54. Kf3 Rg3+ 55. Kf2 Rg5 56. Kf3 Rg1 57. Kf2 Rg3 58. Rc4 g5 59. Rc5 Rg4 60. Kf3 Rg1 61. Kf2 Rg3 62. Rc1 Rg4 63. Rc2 h3 64. Kf1 Rg3 0-1